| 000 | 00477nam a2200181Ia 4500 | ||
|---|---|---|---|
| 001 | 4366 | ||
| 005 | 20260306145750.0 | ||
| 008 | 260306t2002||||xx |||||||||||||| ||spa|| | ||
| 041 | _aESP | ||
| 082 |
_a320.985 _bH45 |
||
| 100 |
_aHernando Nieto, Eduardo _eAUT |
||
| 245 | 0 |
_aPensando peligrosamente: _bel pensamiento reaccionario y los dilemas de la democracia deliberativa |
|
| 260 | _c2002 | ||
| 300 |
_a _c |
||
| 650 | _aGEN | ||
| 654 | _aCDE | ||
| 942 |
_cLIB _dJUS _fJUS _2ddc _n |
||
| 999 |
_c4366 _d4366 |
||